| 000 | 00475nam a22001937a 4500 | ||
|---|---|---|---|
| 003 | LK-CoDNM | ||
| 005 | 20250107115320.0 | ||
| 008 | 250107b |||||||| |||| 00| 0 eng d | ||
| 040 |
_aLK-CoDNM _dLK-CoDNM _eLK-CoDNM |
||
| 041 | _aeng | ||
| 080 |
_a4 _bG17 |
||
| 100 | _aAbercromby,A.F | ||
| 245 | _aSnakes and the Serpentarium | ||
| 260 |
_aColombo _bThe Colombo Apothecaries co.Ltd. |
||
| 300 | _a16p ; 18 cm | ||
| 650 | _aScience | ||
| 650 | _a4 G17 | ||
| 942 | _cBK | ||
| 999 |
_c235266 _d235266 |
||